| 000 | 00518nam a2200181 i 4500 | ||
|---|---|---|---|
| 001 | 24698 | ||
| 003 | ES-MaACL | ||
| 005 | 20250426204813.0 | ||
| 007 | t| | ||
| 008 | 021218s1929 fr ||||1| fre d | ||
| 100 | 1 |
_aAntoniu, Annette. _921993 |
|
| 245 | 1 | 0 |
_aAnatole France _b: critique litteraire / _cAnnette Antoniu. |
| 260 |
_aParĂs : _bBerges Lerrault, _c1929. |
||
| 300 |
_a288 p. ; _c25 cm. |
||
| 600 | 1 | 4 |
_aFrance, Anatole, _d1844-1924 _9240108 |
| 852 |
_aES-MaACL _jA-223 |
||
| 999 |
_c24698 _d24698 |
||